Sites internet les plus visités en France en 2025 - Statistiques

Statistiques générales
  • Ce quiz a été pris 235 fois
  • Le résultat moyen est 5 sur 10
Statistiques - réponses
Place Site % Correct
1 Google
87%
2 YouTube
81%
7 Instagram
69%
3 Facebook
68%
6 Amazon
56%
4 Wikipédia
52%
5 ChatGPT
28%
10 Yahoo
22%
8 Leboncoin
18%
9 Reddit
7%
Aucun quiz correspondant
Distribution des résultats
% des personnes avec chaque résultat
Percentile par nombre de réponses
Votre historique - résultats
Vous n’avez pas pris ce quiz